[Event "Suedschwaben-ch Seniors"]
[Site "Immenstadt"]
[Date "2013.02.17"]
[Round "6.5"]
[White "Lutz, Hugo"]
[Black "Diete, Guenter"]
[Result "0-1"]
[WhiteElo "1462"]
[BlackElo "1732"]
[PlyCount "111"]
[EventDate "2013.02.15"]
[EventType "swiss"]
[EventRounds "6"]
[EventCountry "GER"]
[SourceTitle "EXT 2022"]
[Source "ChessBase"]
[SourceDate "2021.10.06"]
[SourceVersion "1"]
[SourceVersionDate "2021.10.06"]
[SourceQuality "1"]

1. d4 d5 2. Bf4 Nf6 3. h3 g6 4. c3 Bg7 5. Nd2 0-0 6. Ngf3 Nbd7 7. Ne5 c5 8. e3 Qb6 9. Qc2 Nxe5 10. Bxe5 Bf5 11. Qb3 Rfc8 12. g4 Bd7 13. Qxb6 axb6 14. Bg2 Bb5 15. Bxf6 Bxf6 16. Bxd5 Rc7 17. a3 cxd4 18. exd4 Rd7 19. Bf3 Rc8 20. Be2 Bc6 21. Rg1 e5 22. Nc4 Re8 23. Nxb6 Rdd8 24. d5 Bxd5 25. Bb5 Re6 26. Nxd5 Rxd5 27. Bc4 Rdd6 28. Bxe6 Rxe6 29. Rg3 Rb6 30. b4 e4 31. Rc1 Be5 32. Rg2 Ra6 33. f3 exf3 34. Ra2 Bg3+ 35. Kf1 Re6 36. a4 g5 37. a5 Rh6 38. Rf2 Bf4 39. Rxf3 Bxc1 40. Rd3 Rc6 41. Ke2 Bf4 42. Kd1 Kg7 43. Kc2 Kg6 44. Kb3 h5 45. c4 hxg4 46. hxg4 Kf6 47. b5 Rc7 48. Rd5 Ke6 49. Rf5 f6 50. b6 Rc8 51. Kb4 Be5 52. Kb5 Kd6 53. Rf3 Rc5+ 54. Kb4 Kc6 55. Rd3 Bd6 56. Rf3 0-1

[Event "Suedschwaben-ch Seniors"]
[Site "Immenstadt"]
[Date "2012.03.31"]
[Round "1.1"]
[White "Froehlich, Rainer"]
[Black "Lutz, Hugo"]
[Result "1-0"]
[WhiteElo "1884"]
[BlackElo "1462"]
[PlyCount "77"]
[EventDate "2012.03.31"]
[EventType "swiss"]
[EventRounds "6"]
[EventCountry "GER"]
[SourceTitle "EXT 2022"]
[Source "ChessBase"]
[SourceDate "2021.10.06"]
[SourceVersion "1"]
[SourceVersionDate "2021.10.06"]
[SourceQuality "1"]

1. e4 d5 2. exd5 Qxd5 3. h3 h6 4. Nf3 c6 5. d4 Bf5 6. c4 Qe6+ 7. Be3 Qc8 8. Nc3 e6 9. a3 Nf6 10. Bd3 Bh7 11. Rc1 Be7 12. 0-0 0-0 13. Re1 Qc7 14. Bxh7+ Nxh7 15. Qe2 Bg5 16. Nxg5 hxg5 17. Qh5 f6 18. d5 e5 19. Ne4 Qf7 20. Qxf7+ Rxf7 21. d6 Nd7 22. c5 Nhf8 23. b4 Ne6 24. a4 a6 25. g3 Kh7 26. g4 Kh6 27. Rb1 Nf4 28. Bxf4 gxf4 29. b5 cxb5 30. axb5 a5 31. c6 Nb6 32. Nc5 bxc6 33. bxc6 Nc4 34. d7 Nd2 35. c7 Nf3+ 36. Kh1 Nxe1 37. c8Q Rf8 38. Qxf8 Rxf8 39. Ne6 1-0

[Event "Suedschwaben-ch Seniors"]
[Site "Immenstadt"]
[Date "2012.03.31"]
[Round "2.6"]
[White "Lutz, Hugo"]
[Black "Tyroller, Ernst"]
[Result "1-0"]
[WhiteElo "1462"]
[BlackElo "1261"]
[PlyCount "90"]
[EventDate "2012.03.31"]
[EventType "swiss"]
[EventRounds "6"]
[EventCountry "GER"]
[SourceTitle "EXT 2022"]
[Source "ChessBase"]
[SourceDate "2021.10.06"]
[SourceVersion "1"]
[SourceVersionDate "2021.10.06"]
[SourceQuality "1"]

1. Nf3 Nf6 2. g3 d5 3. Bg2 Nc6 4. c3 e5 5. d4 e4 6. Nfd2 Bf5 7. Nb3 b6 8. Bf4 Bd6 9. Qd2 0-0 10. a4 a5 11. h3 Ne7 12. g4 Bxf4 13. Qxf4 Bg6 14. h4 h5 15. f3 Bh7 16. gxh5 Nxh5 17. Qe5 Nf5 18. Kd2 e3+ 19. Ke1 Re8 20. Qh2 Nfg3 21. Rg1 f5 22. f4 Qd6 23. Bf3 Qxf4 24. Nc1 Qd6 25. Nd3 Re6 26. Ne5 g6 27. Rxg3 Nxg3 28. Qxg3 c5 29. Qg2 cxd4 30. Nd3 Rd8 31. cxd4 Qc6 32. Nc3 Red6 33. Ne5 Qb7 34. h5 Kh8 35. hxg6 Bxg6 36. Nxg6+ Rxg6 37. Qxg6 Rg8 38. Qh6+ Qh7 39. Qxh7+ Kxh7 40. Kf1 Rg3 41. Nxd5 Kg6 42. Nxe3 Kg5 43. Kf2 f4 44. Nd5 Rh3 45. Rg1+ Kh4 1-0